000
00233nam a22000857a 4500
008
170201b xxu||||| |||| 00| 0 eng d
100
_9
2731
_a
CBSE
245
_a
CBSE CCE Sample Paper in Science Class-Ix
260
_a
New delhi
_b
Best Bok
_c
2013
999
_c
5898
_d
5898